| 000 | 00628nam a2200217Ia 4500 | ||
|---|---|---|---|
| 005 | 20250508163715.0 | ||
| 008 | 008 250505s9999 xx 000 0 eng d | ||
| 020 | _a0-304-32450-7 | ||
| 037 | _aReference | ||
| 040 |
_aFEDL _beng _cFEDL |
||
| 041 |
_aeng _2eng |
||
| 084 |
_a372.12, RIT _qFEDL |
||
| 100 |
_aRitchie Ron Ed. _9776055 |
||
| 245 | 0 | _aProfiling in primary schools: A handbook for teachers | |
| 260 |
_aLondon, UK _bCassell _c1991 |
||
| 300 | _a169p | ||
| 365 |
_aGBP _b25 |
||
| 650 |
_aPrimary education; Teachers - Profile _9776056 |
||
| 942 |
_cREF _h372.12, RIT |
||
| 999 |
_c1384822 _d1384822 |
||